000 00549cam a2200217ua 4500
020 _c5.00
041 _aeng
_h
082 _a352.14
_bSAS/PR
100 _aSastri, K N V .
245 _aPrinciples of district administration in India /
_cK N V Sastri.
_hTextual Documents
250 _a1 /
_b.
260 _aDelhi :
_bMetropolitan book co. Pvt Ltd ,
_c1957.
300 _a102 ; .
365 _a5.00
500 _a3011 Reference
504 _a
942 _cBK
999 _c7772
_d7772